Statystyki dla Typy Pokemonów

Kliknij tutaj aby rozwiązać quiz!

Ogólne statystyki

  • Ten quiz został rozwiązany 216 razy
  • Średni wynik to 13 z 18

Statystyki odpowiedzi

Przykładowy PokemonTyp% Poprawnych
PikachuElektryczny
98%
MudkipWodny
96%
MagbyOgnisty
93%
GroudonZiemny
85%
GeodudeKamienny
79%
MismagiusDuchowy
77%
MukTrujący
75%
TornadusLatający
74%
SkarmoryStalowy
74%
SnoruntLodowy
70%
MachopWalczący
70%
CarnivineTrawiasty
68%
WurmpleRobaczy
67%
HappinyNormalny
66%
UmbreonMroczny
65%
DuosionPsychiczny
65%
ZekromSmoczy
63%
SylveonBaśniowy
58%

Rozkład punktacji

Percentyl według liczby udzielonych odpowiedzi

Procent ludzi z każdym wynikiem

Twoja historia wyników

Nie rozwiązałeś tego quizu